00469nam a22001457a 450000500170000000800410001702000150005804100130007308200150008610000490010124500620015026000560021230000300026865000250029820231116135018.0231116b |||||||| |||| 00| 0 eng d a0409045691 aEnglish  a343.7 VAN  aVan Heerden, HJO and Neethling, J lEnglish  aUnlawful Competition / cHJO Van Heerden and J Neethling  aDurban : bButterworth Publishers (Pty) Ltd, c1995 bxi, 377 pages ; c25 cm.  aLegal practice bLaw